000 00446nam a2200193Ia 4500
005 20251020182614.0
008 200515s9999 xx 000 0 und d
082 _aSC/691.11/A49
110 _aAmerican Society for Testing and Materials
245 0 _aConstruction : Wood
260 _aPhiladelphia
260 _c1995
300 _a642
650 _aASTM
650 _aCONSTRUCCION
650 _aMADERA
650 _aNORMAS
942 _cLIB
999 _c3440
_d3440